Let me hijack your mind (Record no. 369548)

MARC details
000 -LEADER
fixed length control field 00318nam a2200121Ia 4500
005 - DATE AND TIME OF LATEST TRANSACTION
control field 20251223131553.0
008 - FIXED-LENGTH DATA ELEMENTS--GENERAL INFORMATION
fixed length control field 251219s9999 xx 000 0 und d
041 ## - LANGUAGE CODE
Language code of text/sound track or separate title eng
100 ## - MAIN ENTRY--PERSONAL NAME
Personal name Padamsee A
9 (RLIN) 216013
245 ## - TITLE STATEMENT
Title Let me hijack your mind
260 ## - PUBLICATION, DISTRIBUTION, ETC. (IMPRINT)
Name of publisher, distributor, etc. Penguin random house /India
Date of publication, distribution, etc. 2022
300 ## - PHYSICAL DESCRIPTION
Extent 229
Other physical details Hard Bound
Holdings
Withdrawn status Lost status Damaged status Not for loan Home library Current library Date acquired Cost, normal purchase price Total Checkouts Barcode Date last seen Cost, replacement price Bill Date Koha item type Original Barcode
        Smt. Hiraben Nanavati Institute of Management & Research for Women Smt. Hiraben Nanavati Institute of Management & Research for Women 12/12/2025 1.00   HIMR-DB-3294 23/12/2025 1.00 23/12/2025 Donated Book DB3294